Nr. 1 Hits in Deutschland 2007 - Statistiken

Allgemein
  • Dieses Quiz wurde 61 mal gespielt
  • Das Durchschnittsergebnis liegt bei 9 aus 17
Antwortstatistiken
Wochen auf Platz 1 Lied Interpret % Korrekt
11 Wochen Ein Stern(… der deinen Namen trägt) DJ Ötzi & Nik P.
95%
2 Wochen Don’t Stop the Music Rihanna
93%
5 Wochen Umbrella Rihanna feat. Jay-Z
93%
6 Wochen Hamma! Culcha Candela
80%
1 Woche Junge Die Ärzte
79%
9 Wochen Apologize Timbaland presents OneRepublic
70%
6 Wochen All Good Things (Come to an End) Nelly Furtado
61%
1 Woche Wenn nicht jetzt, wann dann? Höhner
54%
3 Wochen Hey There Delilah Plain White T’s
45%
1 Woche Hot Summer Monrose
43%
1 Woche Beautiful Liar Beyoncé & Shakira
39%
1 Woche Du hast den schönsten Arsch der Welt Alex C. feat. Y-ass
38%
1 Woche Lied 1 – Stück vom Himmel Herbert Grönemeyer
36%
4 Wochen You Can Get It Mark Medlock & Dieter Bohlen
30%
1 Woche Prison Break Anthem(Ich glaub’ an dich) Azad feat. Adel Tawil
27%
2 Wochen Now or Never Mark Medlock
25%
1 Woche Übers Ende der Welt Tokio Hotel
14%
Keine übereinstimmenden Quizze gefunden
Verteilung der Resultate
Anzahl Personen mit jedem Resultat
Perzentil nach korrekt beantworteten Fragen
Ihre Resultats-Entwicklung
Sie haben dieses Quiz noch nicht gespielt